000 01681nam a22002657a 4500
999 _c21826
_d21826
003 AR-CdUCM
008 190425b ||||| |||| 00| 0 spa d
040 _aMUNICIPALIDAD PROVINCIAL DEL CUSCO
_cBIBLIOTECA MUNICIPAL DEL CUSCO
082 _aRev.Allp/N°71/2008
110 _aInstituto de Pastoral Andina
_912766
245 _aAllpanchis Phuturinqa :
_bRevista Anual /
260 _aLima :
_bLettera Gráfica,
_c2008.
300 _a276 páginas. :
_c20 cm.
440 _aRevista del Instituto de Pastoral Andina Cusco
_nAño XXXIX, 2008,N°71. Primer semestre.
_946285
500 _aCultura Jurídica en el mundo andino
505 _aContenido: El aparato de gobierno y justicia indiano a partir de las reformas avandinas. Rafael Diego Fernández Sotelo. -- La cultura jurídica en el Perú virreinal. José de la Puente Brunke. -- Los oidores de la Real Audiencia de Lima en la segunda mitad del siglo XVI. Sergio Angeli. -- Entre la vara y los indios la sociedad de Charcas frente a parejas imposibles 1560-1580. Ana María Presta. -- Entre el pecado y delito la administración de la justicia y los límites documentales para el estudio de la sodomía en el virreinato del Perú siglos XVI-XVII. Fernanda Molina. -- La liturgia penal en la justicia colonial. Carlos Alberto Garcés. -- Cárcel y presidios en Córdoba del Tucumán siglo XVIII. Marcela Aspell.
650 _aSistema jurídico
_94295
650 _aJusticia colonial
_946286
650 _aAdministración de la justicia
_946287
700 _aFernández Sotelo, Rafael Diego
_946288
700 _aDe la Puente Brunke, José
_946289
700 _aAspell, Marcela
_946290
942 _2ddc
_cPP
945 _arac